Ouvrages de la Région fortifiée de Metz - Statistiques

Statistiques générales
  • Ce quiz a été pris 17 fois
  • Le résultat moyen est 11 sur 38
Statistiques - réponses
Ouvrage % Correct
A19 Hackenberg
73%
A35 Bambesch
55%
A5 Bois-du-Four
36%
A2 Fermont
36%
A10 Immerhof
36%
A37 Laudrefang
36%
A38 Teting
36%
A25 Anzeling
27%
A7 Aumetz
27%
A18 Billig
27%
A12 Bois-Karre
27%
A24 Bousse
27%
A27 Bovenberg
27%
A6 Bréhain
27%
A20 Coucou
27%
A31 Coume
27%
A28 Denting
27%
A36 Einseling
27%
A1 Ferme-Chappy
27%
A15 Galgenberg
27%
A23 Hobling
27%
A34 Kerfent
27%
A13 Kobenbusch
27%
A3 Latiremont
27%
A4 Mauvais-Bois
27%
A17 Métrich
27%
A22 Michelsberg
27%
A9 Molvange
27%
A21 Mont-des-Welches
27%
A33 Mottenberg
27%
A14 Oberheid
27%
A8 Rochonvillers
27%
A16 Sentzich
27%
A11 Sœtrich
27%
A26 Berenbach
18%
A29 Village-de-Coume
18%
A30 Annexe Nord de Coume
9%
A32 Annexe Sud de Coume
9%
Aucun quiz correspondant
Distribution des résultats
% des personnes avec chaque résultat
Percentile par nombre de réponses
Votre historique - résultats
Vous n’avez pas pris ce quiz